Представление документа в формате RUSMARC

ПолеНазваниеЗначение
  Тип записи a
  Библиографический уровень c
001 Контрольный номер 7c858455d1d144fa92d4db8342811c91
005 Дата корректировки 20201206205209.0
010 Индекс ISBN __
a ISBN 978-5-8354-1499-4 (в пер.)
d Цена 1110-04, 1000 экз.
100 Данные общей обработки __
a Данные общей обработки 19190807d2018||||||| 0rusy0189 ca
101 Язык документа 0_
a Язык текста rus
102 Страна публикации __
a Страна публикации ru
102 Страна публикации __
a Страна публикации RU
105 Кодированные данные (монография) __
a Кодированные данные (монография) #|||||||000zy
200 Заглавие и сведения об ответственности 1_
a Заглавие Отечественные конституции 1918-1978 гг.
f Первые сведения об ответственности ответственный редактор и автор вступительного слова П. В. Крашенинников ; [составители: П. В. Крашенинников, О. А. Рузакова]
b Общее обозначение материала Текст
210 Выходные данные __
a Место издания Москва
c Издательство Гарант
d Дата издания 2018
215 Физическое описание __
a Объем 717, [1] с.
d Формат 22 см
320 Библиография __
a Библиография Библиография в тексте
327 Примечание о содержании __
a Примечание о содержании Конституция РСФСР 1918 г.
327 Примечание о содержании __
a Примечание о содержании Конституция СССР 1924 г.
327 Примечание о содержании __
a Примечание о содержании Конституция РСФСР 1925 г.
327 Примечание о содержании __
a Примечание о содержании Конституция СССР 1936 г.
327 Примечание о содержании __
a Примечание о содержании Конституция РСФСР 1937 г.
327 Примечание о содержании __
a Примечание о содержании Конституция СССР 1977 г.
327 Примечание о содержании __
a Примечание о содержании Конституция РСФСР 1978 г.
330 Аннотация __
a Аннотация Предлагаемая вниманию читателей книга содержит семь Основных законов нашей страны: от первой в истории Отечества Конституции РСФСР 1918 г. до последней конституции советского государства - Конституции РСФСР 1978 г., которая впоследствии стала Конституцией Российской Федерации и действовала до вступления в силу Конституции Российской Федерации 1993 г. За столетний период было принято восемь конституций, но в настоящее издание вошли тексты только семи Основных законов, которые на данный момент являются памятниками права и в которые наверняка нелишним будет заглянуть не только историкам и юристам, но и всем интересующимся сегодняшним государственным и политическим устройством. Издание содержит вводный комментарий. Тексты Основных законов публикуются с выделением всех поправок, внесенных в них за время действия конституций.
606 Тематические рубрики __
a Основная рубрика Право
606 Тематические рубрики __
a Основная рубрика Конституционное (государственное) право в целом
z Хронологическая подрубрика 1918 - 1978 гг.
z Хронологическая подрубрика 1918 г.
z Хронологическая подрубрика 1924 г.
z Хронологическая подрубрика 1925 г.
z Хронологическая подрубрика 1936 г.
z Хронологическая подрубрика 1937 г.
z Хронологическая подрубрика 1977 г.
z Хронологическая подрубрика 1978 г.
z Хронологическая подрубрика 20 в.
y Географическая подрубрика Российская империя
y Географическая подрубрика Российская Федерация
y Географическая подрубрика Россия
y Географическая подрубрика РСФСР
y Географическая подрубрика РФ
y Географическая подрубрика СССР
610 Ключевые слова __
a Ключевые слова история конституции
610 Ключевые слова __
a Ключевые слова конституции
610 Ключевые слова __
a Ключевые слова конституционные законы
610 Ключевые слова __
a Ключевые слова конституционное законодательство
610 Ключевые слова __
a Ключевые слова законы
610 Ключевые слова __
a Ключевые слова конституция человека
610 Ключевые слова __
a Ключевые слова памятники права
686 Индексы других классификаций __
2 Код системы rubbks
a Классификационный индекс 67.400.11-1(2)
701 Альтернативная интеллектуальная ответственность _1
a Фамилия Крашенников
b Имя П. В.
f Даты 1964-
g Полное личное имя Павел Владимирович
4 Код отношения 340
4 Код отношения 080
4 Код отношения 220
701 Альтернативная интеллектуальная ответственность _1
a Фамилия Рузакова
b Имя О. А.
g Полное личное имя Ольга Александровна
4 Код отношения 220
801 Источник записи _0
a Страна ru
b Организация Муниципальное бюджетное учреждение культуры "Централизованная библиотечная система" г. Сургут (Центральная городская библиотека им. А. С. Пушкина)
c Дата составления 20190807
g Правила каталогизации PSBO
801 Источник записи _1
a Страна ru
b Организация Муниципальное бюджетное учреждение культуры "Централизованная библиотечная система" г. Сургут (Центральная городская библиотека им. А. С. Пушкина)
c Дата составления 20190807
g Правила каталогизации PSBO
852 Данные о местонахождении __
j Шифр хранения 67.400.11-1(2)
i Авторский знак О-82
901 Тип документа __
t Тип документа x
a Ответственный КиК/Мамарузиева
903 Характеристики (МАРС) __
a Дата передачи 20190807
969 Тип издания __
a Тип издания научное издание
990 Данные о заказе (DOS) __
j Количество экземпляров (DOS) 1
t N записи в КСУ для И/У (DOS) 201908